00407nam a2200133Ia 45000010005000000080041000050820026000461000061000722450064001332600024001975900007002219010028002289990017002562921241024s9999 xx 000 0 und d a[*SIN CLASIFICACION*] aRepública Dominicana. Ministerio de Educación MINERD 0aBicentenario del Natalicio de Juan Pablo Duarte (1813-2013) bSanto Domingoc2013 asi a21/6/2013 11:51:54 a.m. c11387d11387